U.S. States with Wild Alligators - Statistics

General Stats
  • This quiz has been taken 336 times
  • The average score is 10 of 12
Answer Stats
State % Correct
Florida
100%
Texas
94%
Alabama
91%
Georgia
90%
South Carolina
89%
Mississippi
88%
Louisiana
87%
North Carolina
85%
Arkansas
68%
Tennessee
66%
Virginia
63%
Oklahoma
49%
No matching quizzes found
Score Distribution
Percent of People with Each Score
Percentile by Number Answered
Your Score History
You have not taken this quiz